Регионална библиотека "Любен Каравелов" - Русе

Защита на трайните култури от болести и неприятели (Запис номер 15206)

MARC детайли
000 -Лидер
Контролно поле с фиксирана дължина 01568nam a2200373 c 4500
003 - Код на организацията, давaща контролен номер
Контролно поле BLK
005 - Дата и час на последна редакция
Контролно поле 20180420215030.0
008 - Елементи от данни с фиксирана дължина
fixed length control field 180413b bul|||||r ||||||| ||bul||
010 ## - Наследен системен номер
LC control number KNG00016973000
020 ## - Международен стандартен номер на книга ISBN
Международен стандартен номер на книга ISBN 954-494-238-6
-- издат.: Унив. изд. Стопанство
040 ## - Източник на каталожния запис
Идентификатор на билиотеката - собственик на записа BLK
041 ## - Код за език
Код за езика на текст/звукозапис или на отделно заглавие Български
Код за езика КДБФ Български
080 ## - УДК
Текстов определител УДК Овощарство в цялост
УДК код - определител по УДК 634.1
УДК определител :632(035)
УДК - код + определител 634.1:632(035)
100 1# - Редна дума - Автор
Автор Георгиев, Илия Александров
Авторска отговорност първи автор
R(LIN) 260009
139 ## - Редно поле
Редна дума Георгиев, Илия Александров
Авторски знак Георгиев - Г 37
245 10 - Сведения за заглавието
Заглавие Защита на трайните култури от болести и неприятели
Редно поле (дума) Илия Александров Георгиев.
257 ## - Страна на издаване
Страна на създаване/издаване България
260 ## - Област на издателските данни
-- София
Име на издателя, разпространителя и проч. Унив. изд. Стопанство
Година на издаване 1997
300 ## - Физическа характеристика
Страници 113 с.
Илюстрации и др. с табл.
Размери/Мащаб 20 см
380 ## - Жанр
Жанр Селско стопанство
500 ## - Общи забележки
Забележка Изд. на УНСС - София. - 750 тир.
650 #4 - Допълнително описание по предмет – тема
Основно описание – тема или топоним Селскостопански култури - болести и вредители
9 (RLIN) 256800
650 #4 - Допълнително описание по предмет – тема
Основно описание – тема или топоним Растителна защита - наръчници и ръководства
9 (RLIN) 260010
650 #4 - Допълнително описание по предмет – тема
Основно описание – тема или топоним Пестициди - видове и приложение - наръчници и ръководства
9 (RLIN) 260011
653 ## - Ключова дума – ненормативна
Ключова дума болести
653 ## - Ключова дума – ненормативна
Ключова дума вредители
653 ## - Ключова дума – ненормативна
Ключова дума овощни култури
653 ## - Ключова дума – ненормативна
Ключова дума защита
852 ## - Местоположение
Форматна сигнатура Цб 192401
856 4# - Електронен адрес и достъп
Електронен формат pdf - файл
Път до файла /url/
856 4# - Електронен адрес и достъп
Електронен формат pdf - файл
Път до файла /url/
942 ## - АРТИКУЛИ
Вид на библиотечния материал Книги
Скрит в OPAC Не
944 ## - СЪЗДАВАНЕ И РЕДАКЦИЯ на ЗАПИСА
Създаване/Редакция Създаване
Дата на регистрацията/редакция 15.01.2003
Служител, извършил регистрацията/редакцията Кети_Илиева
944 ## - СЪЗДАВАНЕ И РЕДАКЦИЯ на ЗАПИСА
Създаване/Редакция Редакция
Дата на регистрацията/редакция 12.01.2006
Служител, извършил регистрацията/редакцията
999 ## - СИСТЕМНИ КОНТРОЛНИ НОМЕРА
Koha biblionumber 15206
Koha biblioitemnumber 15206
Наличности
Код за отписване Код за изгубен артикул Източник на класификационната схема Код за повреда Коз за рестрикции Код за отдаване Артикулен № Име на библиотеката - собственик Име на библиотеката, в която се намира в момента Статус (Текущо местоположение) Дата на вписване в системата Местоположение - отдел Цена в лева Инвентарен номер Систематично азбучна сигнатура Баркод Номер на екземпляра Цена в евро Служебен тип на артикула Служебна бележка
Изтеглен Не е изгубен Universal Decimal Classification Не е повреден без рестрикции заемане за дома 25835 Регионална библиотека "Любен Каравелов" Русе Регионална библиотека "Любен Каравелов" Русе Заемна - подръчен фонд 2001-01-01 Заемна - подръчен фонд 1.40 631377 Цб 192401 631377 1 0.72 Книги  
  Не е изгубен Universal Decimal Classification Не е повреден без рестрикции ползва се в читалня 25836 Регионална библиотека "Любен Каравелов" Русе Регионална библиотека "Любен Каравелов" Русе Читалня 2001-01-01 Читалня 1.40 631378 Ч 634.1/Г 37 120000631378 2 0.72 Книги Дата инв: 20.03.2017 Бележки инв: Ч2017
  Не е изгубен Universal Decimal Classification Не е повреден без рестрикции ползва се в читалня 25837 Регионална библиотека "Любен Каравелов" Русе Регионална библиотека "Любен Каравелов" Русе Хранилище 2001-01-01 Хранилище 0.00 631797 Цб 192401 120000631797 3 0.00 Книги  
Vip Innovations Ltd, Rousse, Bulgaria 2025